[Event "4NCL"]
[Site "Telford ENG"]
[Date "2003.04.12"]
[Round "7"]
[White "Gormally,D"]
[Black "Williams,Si"]
[Result "1/2-1/2"]
[WhiteElo "2496"]
[BlackElo "2375"]

1.e4 c5 2.Nf3 d6 3.Bb5+ Nd7 4.d4 Nf6 5.O-O a6 6.Bxd7+ Nxd7 7.Bg5 h6 8.Bh4 g5
9.Bg3 Bg7 10.Nc3 cxd4 11.Nxd4 Ne5 12.Nf5 Bxf5 13.exf5 O-O 14.h4 e6 15.hxg5 hxg5
16.f4 Nc4 17.Qe2 d5 18.fxe6 Qb6+ 19.Bf2 Qxe6 20.Qh5 Qg6 21.Qg4 gxf4 22.Qxf4 Bh6
23.Qg3 Rad8 24.Qxg6+ fxg6 25.Bh4 Be3+ 26.Kh2 g5 27.Bg3 Rxf1 28.Rxf1 Kg7 29.Kh3 Bd4
30.Nd1 Nd2 31.Re1 Ne4 32.c3 Bc5 33.Be5+ Kg6 34.g4 Re8 35.Bg3 b5 36.Kg2 b4
37.cxb4 Bxb4 38.Re2 Rc8 39.Be5 Bd2 40.Nf2 Bf4 41.Bxf4 Nxf2 42.Kxf2 gxf4 43.Re6+ Kf7
44.Rxa6 Rc2+ 45.Kf3 Rxb2 46.Kxf4 d4 47.g5 Re2 48.a4 d3 49.g6+ Kg7 50.Rd6  1/2-1/2

[Event "TCh-CZE 2002-3"]
[Site "Czech Rep CZE"]
[Date "2003.04.13"]
[Round "11"]
[White "Lipka,J"]
[Black "Jaworski,Mi"]
[Result "1/2-1/2"]
[WhiteElo "2428"]
[BlackElo "2345"]

1.e4 c5 2.Nf3 d6 3.Bb5+ Bd7 4.Bxd7+ Qxd7 5.c4 Nc6 6.Nc3 Nf6 7.d4 cxd4 8.Nxd4 g6
9.f3 Bg7 10.Be3 O-O 11.O-O Rfd8 12.Qd2 e6 13.Rfd1 d5 14.exd5 exd5 15.Nxc6 bxc6
16.cxd5 Nxd5 17.Nxd5 cxd5 18.Bd4 Bxd4+ 19.Qxd4  1/2-1/2

[Event "XXXIV Open"]
[Site "Mar del Plata ARG"]
[Date "2003.04.13"]
[Round "3"]
[White "Fiorito,F"]
[Black "Bentancor,F"]
[Result "1/2-1/2"]
[WhiteElo "2397"]
[BlackElo "2177"]

1.e4 c5 2.Nf3 d6 3.Bb5+ Bd7 4.Bxd7+ Qxd7 5.c4 Nc6 6.Nc3 Nf6 7.d4 cxd4 8.Nxd4 g6
9.f3 Nxd4 10.Qxd4 Bg7 11.O-O O-O 12.Qd3 a6 13.Bg5 Rac8 14.Rac1 Rc6 15.b3 h6
16.Bh4 Rfc8 17.a4 Qe8 18.f4 Nd7 19.Nd5 Bf8 20.f5 g5 21.Bg3 b5 22.axb5 axb5
23.h4 bxc4 24.bxc4 Bg7 25.hxg5 hxg5 26.Bf2 Bf6 27.Bg3 Qf8 28.Nxf6+ exf6 29.Rfd1 Nc5
30.Qf3 Nd7 31.Qd3 Nc5 32.Qf3 Nd7 33.Qd3 Nc5  1/2-1/2

[Event "IM"]
[Site "Deizisau GER"]
[Date "2003.04.16"]
[Round "7"]
[White "Drabke,L"]
[Black "Baramidze,D"]
[Result "1/2-1/2"]
[WhiteElo "2441"]
[BlackElo "2440"]

1.e4 c5 2.Nf3 d6 3.Bb5+ Nc6 4.O-O Bd7 5.Re1 Nf6 6.c3 a6 7.Bf1 Bg4 8.h3 Bh5
9.d3 e6 10.Nbd2 Be7 11.g4 Bg6 12.Nh4 d5 13.Qe2 dxe4 14.dxe4 Qc7 15.Nxg6 hxg6
16.Nf3 Rd8 17.e5 Nd7 18.Qe4 b5  1/2-1/2

[Event "IM"]
[Site "Deizisau GER"]
[Date "2003.04.17"]
[Round "9"]
[White "Drabke,L"]
[Black "Janssen,R"]
[Result "1-0"]
[WhiteElo "2441"]
[BlackElo "2483"]

1.e4 c5 2.Nf3 d6 3.Bb5+ Nd7 4.d4 cxd4 5.Qxd4 a6 6.Bxd7+ Bxd7 7.Bg5 Rc8 8.Nc3 h6
9.Bh4 e5 10.Qd3 g5 11.Bg3 Nf6 12.Nd2 b5 13.a3 Be6 14.Nf1 Qa5 15.O-O-O Rxc3
16.bxc3 Bc4 17.Qf3 Qxa3+ 18.Kd2 Be7 19.Ne3 Be6 20.Nf5 b4 21.Ng7+ Kd7 22.Nxe6 fxe6
23.Ke2 Qa5 24.Qd3 Rc8 25.Ra1 Qc5 26.cxb4 Qxb4 27.Bxe5 Qxe4+ 28.Qxe4 Nxe4
29.Bd4 e5 30.Kd3 Nf6 31.Be3 Rc6 32.c4 Ke6 33.Ra4 Bd8 34.h4 Ng4 35.hxg5 hxg5
36.Rh8 Bf6 37.Ra8 Kf5 38.R8xa6 e4+ 39.Kc2 Rxa6 40.Rxa6 Nxe3+ 41.fxe3 Be5
42.Ra5 Kg4 43.Rxe5  1-0

[Event "GM"]
[Site "Evry FRA"]
[Date "2003.04.17"]
[Round "8"]
[White "Belkhodja,S"]
[Black "Guidarelli,L"]
[Result "1-0"]
[WhiteElo "2443"]
[BlackElo "2388"]

1.e4 c5 2.Nf3 d6 3.Bb5+ Bd7 4.Bxd7+ Qxd7 5.c4 Nc6 6.d4 cxd4 7.Nxd4 g6 8.f3 Bg7
9.Be3 Nf6 10.Nc3 O-O 11.O-O a6 12.a4 Rac8 13.b3 Qc7 14.Nd5 Nxd5 15.exd5 Nxd4
16.Bxd4 Bxd4+ 17.Qxd4 Qc5 18.Qxc5 Rxc5 19.Rfe1 Re8 20.a5 e5 21.f4 f6 22.fxe5 Rxe5
23.Rxe5 fxe5 24.Kf2 Kf7 25.Ke3 Ke7 26.Kd3 Rc8 27.Rf1 Rc5 28.b4 Rc8 29.g4 h6
30.h4 Rd8 31.g5 hxg5 32.hxg5 Rh8 33.Rf6 Rh3+ 34.Kc2 Rh2+ 35.Kb3 Rh3+ 36.Ka4 Rh4
37.Rxg6 Rxc4 38.Rg7+ Ke8 39.Rxb7 e4 40.g6 e3 41.Rb8+ Ke7 42.g7 e2 43.g8=Q Rxb4+
44.Rxb4  1-0

[Event "Foxwoods Open"]
[Site "Connecticut USA"]
[Date "2003.04.19"]
[Round "4"]
[White "Pismenny,A"]
[Black "Yermolinsky,A"]
[Result "0-1"]
[WhiteElo "2244"]
[BlackElo "2552"]

1.e4 c5 2.Nf3 d6 3.Bb5+ Nd7 4.c3 Nf6 5.Qe2 a6 6.Ba4 b5 7.Bc2 e5 8.d4 Be7
9.dxe5 dxe5 10.O-O O-O 11.Rd1 Qc7 12.a4 Rb8 13.Na3 c4 14.axb5 axb5 15.Bg5 Nc5
16.h3 Re8 17.Nh2 Ne6 18.Bd2 Bc5 19.g3 h6 20.h4 Qc6 21.Re1 Ra8 22.Kg2 Bb7
23.Ng4 Nxg4 24.Qxg4 f5 25.Qe2 fxe4 26.Bxe4 Qxe4+ 27.Qxe4 Bxe4+ 28.Rxe4 Bxa3
29.Rxe5 Rad8 30.bxa3 Rxd2 31.Rxb5 Rf8 32.Rf1 Rc2 33.Rc5 Rf6 34.a4 Rxc3 35.f4 Nd4
36.Rd1 Nf5  0-1

[Event "11th Open"]
[Site "Tarbes FRA"]
[Date "2003.04.19"]
[Round "3"]
[White "Marciano,D"]
[Black "Lemoine,B"]
[Result "1-0"]
[WhiteElo "2502"]
[BlackElo "2134"]

1.e4 c5 2.Nf3 d6 3.Bb5+ Bd7 4.Bxd7+ Qxd7 5.O-O Nf6 6.e5 dxe5 7.Nxe5 Qc7 8.d4 e6
9.Bf4 Bd6 10.Na3 Nbd7 11.Nb5 Qb6 12.Nc4  1-0

[Event "5th Open"]
[Site "Dubai UAE"]
[Date "2003.04.20"]
[Round "1"]
[White "El Arousy,A"]
[Black "Fedorov,Alex"]
[Result "0-1"]
[WhiteElo "2314"]
[BlackElo "2604"]

1.e4 c5 2.Nf3 d6 3.Bb5+ Nd7 4.d4 Nf6 5.Nc3 cxd4 6.Qxd4 e5 7.Qd3 h6 8.Be3 a6
9.Bc4 b5 10.Bb3 Bb7 11.O-O-O Rc8 12.Nd5 Bxd5 13.Bxd5 Nxd5 14.Qxd5 Qc7 15.Qd3 Be7
16.Kb1 Nf6 17.Nh4 g6 18.g3 Kf8 19.f3 Kg7 20.Qd2 d5 21.exd5 Rcd8 22.Qe2 Nxd5
23.Ng2 b4 24.Ka1 Bf6 25.Bd2 e4 26.fxe4 Nc3 27.Bf4 Qc6  0-1

[Event "Commonwealth Ch"]
[Site "Mumbai IND"]
[Date "2003.04.21"]
[Round "2"]
[White "Aswin,J"]
[Black "Ahmed,SN"]
[Result "0-1"]
[WhiteElo "2121"]
[BlackElo "2284"]

1.e4 c5 2.Nf3 d6 3.Bb5+ Bd7 4.Bxd7+ Qxd7 5.c4 Nc6 6.d4 cxd4 7.Nxd4 Nf6 8.Nc3 g6
9.f3 Bg7 10.Be3 O-O 11.O-O Rac8 12.b3 Rfd8 13.Qd2 e6 14.Rad1 d5 15.cxd5 exd5
16.exd5 Nxd5 17.Nxc6 bxc6 18.Nxd5 cxd5 19.Bd4 Bxd4+ 20.Qxd4 Rc2 21.Rf2 Qc7
22.Rxc2 Qxc2 23.Rd2 Qb1+ 24.Kf2 Re8 25.Kg3 Qe1+ 26.Kh3 Re5 27.g4 h5 28.Qf2 hxg4+
29.fxg4 Qe4 30.Rd4 Qb1 31.Rd2 Qc1 32.Kg2 Qc3 33.Rc2 Qd3 34.Rd2 Qc3 35.Rc2 Qd3
36.Rd2 Qe4+ 37.Qf3 f5 38.Qxe4 fxe4 39.Rd4 Kf7 40.Kf2 Ke6 41.Ke3 Kd6 42.Ra4 Re7
43.Kd4 Kc6 44.Ra6+ Kb5 45.Rf6 Kb4 46.Rf2 g5 47.Rc2 e3 48.Re2 a5 49.h3 Re8
50.Re1 e2 51.Kd3 Re4 52.Kd2 Ka3 53.Rxe2 Rxe2+ 54.Kxe2 d4 55.Kd3 Kxa2 56.Kxd4 Kxb3
57.h4 a4 58.hxg5 a3 59.Ke5 a2 60.Kf6 a1=Q+  0-1

[Event "Commonwealth Ch"]
[Site "Mumbai IND"]
[Date "2003.04.21"]
[Round "3"]
[White "Ramaswamy,A"]
[Black "Karavade,E"]
[Result "1-0"]
[WhiteElo "2348"]
[BlackElo "2199"]

1.e4 c5 2.Nf3 d6 3.Bb5+ Bd7 4.Bxd7+ Qxd7 5.c4 Nf6 6.Nc3 Nc6 7.d4 cxd4 8.Nxd4 g6
9.Nde2 Bg7 10.O-O O-O 11.f3 Rfc8 12.a4 b6 13.Rb1 Nd8 14.b3 Ne6 15.Be3 Rab8
16.Nd5 Qd8 17.Nd4 Nxd4 18.Bxd4 Nxd5 19.exd5 Bxd4+ 20.Qxd4 Qc7 21.Rbe1 Rb7
22.Qd2 Qd8 23.Re4 Rcc7 24.f4 Rd7 25.f5 Qf8 26.Qe3 Qc8 27.Kh1 Kg7 28.Rh4 h5
29.fxg6 fxg6 30.Rxh5  1-0

[Event "Commonwealth Ch"]
[Site "Mumbai IND"]
[Date "2003.04.22"]
[Round "4"]
[White "Rathnakaran,K"]
[Black "Ramakrishna,J"]
[Result "1/2-1/2"]
[WhiteElo "2390"]
[BlackElo "2251"]

1.e4 c5 2.Nf3 d6 3.Bb5+ Bd7 4.Bxd7+ Qxd7 5.c4 Nc6 6.O-O g6 7.d4 cxd4 8.Nxd4 Bg7
9.Be3 Nf6 10.f3 O-O 11.Nc3 Rac8 12.b3 e6 13.Rc1 Ne8 14.Rf2 f5 15.Nxc6 bxc6
16.Rd2 Qe7 17.Rd3 Rc7 18.Qd2 Qh4 19.Bg5 Qh5 20.Ne2 Be5 21.f4 fxe4 22.Rh3 Bxf4
23.Bxf4 Qf5 24.Bh6 Ng7 25.Qe3 Rcf7 26.Kh1 d5 27.Rg1 e5 28.g4 Qe6 29.Rhg3 Rf3
30.Qxa7 R8f7 31.cxd5 Qxd5 32.Qa8+ Rf8 33.Qa4 e3 34.Qc4 Rxg3+ 35.Qxd5+ cxd5
36.Nxg3 d4 37.Re1 Ra8 38.a4 Ne6 39.Bxe3 dxe3 40.Rxe3 Nd4 41.Ne2 Kf7 42.Kg2 Kf6
43.Nc3 Ke6 44.b4 Nc2 45.Re4 Rc8 46.Nd1 Kd5 47.Nb2 Rf8 48.a5 Rb8 49.a6 Ra8
50.b5 Nd4 51.g5 Nxb5 52.Ra4 Nc7 53.Nd3 e4 54.Nf2  1/2-1/2

[Event "XXI Open"]
[Site "Metz FRA"]
[Date "2003.04.23"]
[Round "5"]
[White "Artamonova,V"]
[Black "Roeder,M"]
[Result "1/2-1/2"]
[WhiteElo "2244"]
[BlackElo "2447"]

1.e4 c5 2.Nf3 d6 3.Bb5+ Bd7 4.Bxd7+ Qxd7 5.O-O Nc6 6.c4 Nf6 7.Nc3 Ne5 8.d3 Nxf3+
9.Qxf3 g6 10.e5 dxe5 11.Re1 Bg7 12.Rxe5 Rc8 13.Bh6 O-O 14.Bxg7 Kxg7 15.Rae1 e6
16.h4 h5 17.Ne2 Ng4 18.Nf4 Nxe5 19.Rxe5 Rg8 20.Rg5 Rh8 21.Qe3 Qe7 22.Qe5+ Qf6
23.Rxg6+ fxg6 24.Nxe6+ Kf7 25.Ng5+ Kg7 26.Ne6+ Kf7 27.Ng5+ Kg7  1/2-1/2

[Event "5th Open"]
[Site "Dubai UAE"]
[Date "2003.04.24"]
[Round "5"]
[White "Skripchenko,A"]
[Black "Kharlov,A"]
[Result "1/2-1/2"]
[WhiteElo "2501"]
[BlackElo "2581"]

1.e4 c5 2.Nf3 d6 3.Bb5+ Bd7 4.Bxd7+ Nxd7 5.O-O Ngf6 6.Qe2 Rc8 7.b3 g6 8.c4 Bg7
9.Nc3 Nh5 10.Qe3 O-O 11.d4 a6 12.Bb2 Re8 13.Rfd1 Qa5 14.dxc5 Qxc5 15.Nd4 Nhf6
16.Rab1 e6 17.Nc2 Qc7 18.Qd2 Nc5 19.f3 Red8 20.Ne3 Qe7 21.Ba1 Ne8 22.Qe2 Nd7
23.Rbc1 Qg5 24.Bb2 b5 25.h4 Qh5 26.cxb5 axb5 27.g3 b4 28.Na4 Rxc1 29.Rxc1 Bxb2
30.Nxb2 d5 31.exd5 exd5 32.Nd3 Nef6 33.Ng4 Kg7 34.Nxf6 Nxf6 35.Qe5 Qxe5 36.Nxe5 d4
37.Nd3 Nd5 38.Rc4 Nc3 39.Rxb4  1/2-1/2

[Event "I Regina Prol"]
[Site "Santos BRA"]
[Date "2003.04.24"]
[Round "3"]
[White "Neubauer,M"]
[Black "Stamenkovic,Dr"]
[Result "0-1"]
[WhiteElo "2415"]
[BlackElo "2309"]

1.e4 c5 2.Nf3 d6 3.Bb5+ Nd7 4.d4 cxd4 5.Qxd4 a6 6.Bc4 e6 7.O-O Ngf6 8.Nc3 Qc7
9.Bg5 Be7 10.Rad1 O-O 11.a3 Rd8 12.h3 b5 13.Bd3 h6 14.Bh4 Bb7 15.Qe3 Rac8
16.Rfe1 Ne5 17.Nxe5 dxe5 18.Nb1 g5 19.Bg3 Nd7 20.c3 f6 21.Qe2 Nb6 22.Nd2 Na4
23.Nf1 Bc5 24.Bb1 Rxd1 25.Rxd1 Rd8 26.Rxd8+ Qxd8 27.Ba2 Qd7 28.Nh2 Kg7 29.Qh5 Qf7
30.Qg4 Nxb2 31.Bxe6 h5 32.Bxf7 hxg4 33.Bd5 Bxd5 34.exd5 gxh3 35.gxh3 Nd1
36.Nf3 Kg6 37.h4 g4 38.Nh2 Kh5 39.Kg2 Nxc3 40.f3 gxf3+ 41.Kxf3 Nxd5 42.Ke4 Ne7
43.a4 bxa4 44.Kd3 Nf5 45.Be1 Nxh4 46.Kc4 Bd4 47.Kb4 f5 48.Kxa4 e4 49.Ka5 Nf3  0-1

[Event "XXI Open"]
[Site "Metz FRA"]
[Date "2003.04.25"]
[Round "7"]
[White "De Pierrefeu,T"]
[Black "Likavsky,T"]
[Result "0-1"]
[WhiteElo "2235"]
[BlackElo "2453"]

1.e4 c5 2.Nf3 d6 3.Bb5+ Nd7 4.d4 cxd4 5.Qxd4 a6 6.Bxd7+ Bxd7 7.Nc3 Nf6 8.O-O e5
9.Qd3 h6 10.a4 Be7 11.h3 O-O 12.Be3 Be6 13.Rfd1 Rc8 14.a5 Bc4 15.Qd2 Qc7
16.Nh4 Be6 17.Ra4 Kh7 18.Nf5 Bxf5 19.exf5 d5 20.Bb6 Qc6 21.Raa1 d4 22.Ne2 Qxc2
23.f4 Qxd2 24.Rxd2 Ne4 25.Rd3 Rc2 26.Kf1 f6 27.Re1 Bb4 28.Nxd4 Rf2+ 29.Kg1 Bxe1
30.Ne6 Rc8 31.Bxf2 Bxf2+ 32.Kh2 exf4 33.g4 fxg3+ 34.Kg2 Ng5 35.h4 Nxe6 36.fxe6 Re8
37.b4 Rxe6 38.Rd7 b6 39.h5 bxa5 40.bxa5 Re5 41.Kh3 Rxh5+  0-1

[Event "Commonwealth Ch"]
[Site "Mumbai IND"]
[Date "2003.04.26"]
[Round "9"]
[White "Rathnakaran,K"]
[Black "Visweswaran,K"]
[Result "1/2-1/2"]
[WhiteElo "2390"]
[BlackElo "2328"]

1.e4 c5 2.Nf3 d6 3.Bb5+ Nd7 4.c3 Nf6 5.d3 a6 6.Ba4 g6 7.O-O Bg7 8.Re1 O-O
9.d4 b5 10.Bc2 e5 11.a4 Bb7 12.dxe5 dxe5 13.axb5 axb5 14.Rxa8 Qxa8 15.Na3 Bc6
16.Qe2 c4 17.Bg5 Re8 18.Nd2 Nc5 19.Qe3 Nfd7 20.h4 Ne6 21.Bh6 Nf6 22.Bxg7 Kxg7
23.f3 Rd8 24.g3 Nd7 25.Ra1 Qb8 26.b3 cxb3 27.Nxb3 Qd6 28.Qd3 Qb8 29.Qe3 Rc8
30.Nb1 Nb6 31.N3d2 Be8 32.Bd3 Na4 33.Bf1 Qc7 34.Bh3 Bd7 35.Ra3 Qd6 36.Bf1 Nec5
37.Ra2 h6 38.Rc2 Ne6 39.Rc1 Qc7 40.Nb3 Nec5 41.Na1 Qa5 42.Nd2 Be6 43.f4 Nd7
44.Nab3 Bxb3 45.Nxb3 Qa6 46.Bh3 Rc7 47.fxe5 Nxe5 48.Qd4 f6 49.Kg2 Rc4 50.Qe3 Qa8
51.Nd2 Rc7 52.Be6 Qa7 53.Qxa7 Rxa7  1/2-1/2

[Event "Commonwealth Ch"]
[Site "Mumbai IND"]
[Date "2003.04.26"]
[Round "9"]
[White "Ramesh,R"]
[Black "Sharma,RP"]
[Result "1/2-1/2"]
[WhiteElo "2444"]
[BlackElo "2352"]

1.e4 c5 2.Nf3 d6 3.Bb5+ Bd7 4.Bxd7+ Qxd7 5.O-O Nc6 6.c3 Nf6 7.d4 cxd4 8.cxd4 d5
9.e5 Ne4 10.Ne1 f6 11.f3 Ng5 12.Bxg5 fxg5 13.Nc3 e6 14.Nc2 Be7 15.Qd2 O-O
16.Ne2 Rac8 17.Rf2 Qc7 18.Ne3 Qb6  1/2-1/2

[Event "Vedior Trophy"]
[Site "Milan ITA"]
[Date "2003.04.29"]
[Round "4"]
[White "Sbarra,M"]
[Black "Bertazzo,G"]
[Result "1/2-1/2"]
[WhiteElo "2217"]
[BlackElo "2120"]

1.e4 c5 2.Nf3 d6 3.Bb5+ Nc6 4.O-O Nf6 5.Re1 Bg4 6.h3 Bd7 7.c3 Ne5 8.Bf1 e6
9.d4 Nxf3+ 10.Qxf3 cxd4 11.cxd4 Be7 12.Nc3 O-O 13.e5 Bc6 14.Qg3 Nh5 15.Qg4 g6
16.Bh6 Re8 17.Rad1 dxe5 18.dxe5 Qb6 19.Qe2 Ng3 20.Qc2 Nxf1 21.Rxf1 Rac8 22.Qe2 Red8
23.Bc1 Rxd1 24.Rxd1 Rd8 25.Rxd8+ Qxd8 26.Be3 Qa5 27.Bd4 a6 28.a3 Bg5 29.f3 Qd8
30.Qf2 Bf4 31.Ne2 Qg5 32.Nxf4 Qxf4 33.Bc3 Qc1+ 34.Qf1 Qxf1+ 35.Kxf1 Kf8 36.Bb4+ Ke8
37.Kf2 Bb5 38.g4 Kd7 39.Ke3 g5 40.Kf2 Kc6 41.Kg3 Kd5 42.Bc3 Be2 43.f4 gxf4+
44.Kxf4 Kc6 45.Kg5 Kd7 46.Kh6 Bd3 47.Kg7 Ke8 48.h4 Be4 49.h5 Bd3 50.g5 Be4
51.Kf6 Bf3 52.g6 fxg6 53.h6 g5 54.Kxg5  1/2-1/2

[Event "8th Cvitanovic Mem"]
[Site "Spilt CRO"]
[Date "2003.05.03"]
[Round "6"]
[White "Plenkovic,Z"]
[Black "Ljubicic,F"]
[Result "0-1"]
[WhiteElo "2302"]
[BlackElo "2406"]

1.e4 c5 2.Nf3 d6 3.Bb5+ Nc6 4.d4 cxd4 5.Qxd4 Bd7 6.Bxc6 bxc6 7.Nc3 e5 8.Qd3 Be7
9.O-O h5 10.Nd2 Qc7 11.b4 Nf6 12.Rb1 O-O 13.b5 Rac8 14.bxc6 Qxc6 15.Nd5 Nxd5
16.exd5 Qxc2 17.Qxc2 Rxc2 18.Rb7 Rd8 19.Rxa7 Bb5 20.Re1 Bg5 21.Nb3 Bxc1 22.Rxc1 Rxc1+
23.Nxc1 Rc8 24.Nb3 Bc4 25.h4 Bxd5 26.Rd7 Rc6 27.f3 Kf8 28.Rd8+ Ke7 29.Rb8 Ra6
30.Nd2 Rxa2 31.Nf1 g6 32.Ne3 Be6 33.g4 hxg4 34.fxg4 Re2  0-1

[Event "4NCL"]
[Site "Telford ENG"]
[Date "2003.05.03"]
[Round "9"]
[White "Wall,G"]
[Black "Collinson,A"]
[Result "1/2-1/2"]
[WhiteElo "2383"]
[BlackElo "2390"]

1.e4 c5 2.Nf3 d6 3.Bb5+ Nd7 4.d4 Nf6 5.Nc3 a6 6.Bxd7+ Nxd7 7.O-O e6 8.d5 e5
9.a4 Be7 10.Nd2 O-O 11.Nc4 Nb6 12.Na3 Bd7 13.a5 Nc8 14.Nc4 b5 15.axb6 Nxb6
16.Na5 f5 17.exf5 Bxf5 18.f4 exf4 19.Nc6 Qd7 20.Nxe7+ Qxe7 21.Bxf4 Nc4 22.b3 Ne5
23.Qd2 Nf7 24.Bg3 Qf6 25.Rf2 Qg6 26.Raf1 Nh6 27.Ne2 Ng4 28.Nf4 Qh6 29.Re2 Ne5
30.Rfe1 Rae8 31.h3 Bd7 32.Rf2 Rf7 33.Ref1 Ref8 34.c4 Qg5 35.Qc3 h5 36.Ne2  1/2-1/2

[Event "St Petersburg vs. Moscow"]
[Site "St Petersburg RUS"]
[Date "2003.05.05"]
[Round "2"]
[White "Khavsky,S"]
[Black "Gruzmann,B"]
[Result "0-1"]
[WhiteElo "2327"]
[BlackElo "2316"]

1.e4 c5 2.Nf3 d6 3.Bb5+ Bd7 4.Bxd7+ Qxd7 5.c4 Nc6 6.d4 cxd4 7.Nxd4 Nf6 8.Nc3 g6
9.f3 Bg7 10.Be3 O-O 11.O-O Rfc8 12.b3 Qd8 13.Qd2 Qa5 14.Rac1 a6 15.Qf2 b5
16.Nxc6 Rxc6 17.Nd5 Nxd5 18.cxd5 Rcc8 19.Rc6 Rxc6 20.dxc6 Rc8 21.Rc1 Bc3
22.Qh4 Bd2 23.Bxd2 Qxd2 24.Rf1 Rxc6  0-1

[Event "St Petersburg vs. Moscow"]
[Site "St Petersburg RUS"]
[Date "2003.05.05"]
[Round "2"]
[White "Faibisovich,V"]
[Black "Kalinin,Al"]
[Result "1/2-1/2"]
[WhiteElo "2421"]
[BlackElo "2466"]

1.e4 c5 2.Nf3 d6 3.Bb5+ Bd7 4.Bxd7+ Qxd7 5.O-O Nf6 6.Re1 Nc6 7.c3 e6 8.d4 cxd4
9.cxd4 d5 10.e5 Ne4 11.Nbd2 Nxd2 12.Bxd2 Be7 13.Bg5 O-O 14.Bxe7 Nxe7 15.Qd3 Rfc8
16.Ng5 Ng6 17.h4 h6 18.h5 Nf8 19.Nf3 Qc6 20.Re2 Rc7 21.g4 Nh7 22.Kh2 Qd7
23.Rg1  1/2-1/2

[Event "4NCL"]
[Site "Telford ENG"]
[Date "2003.05.05"]
[Round "11"]
[White "Wall,G"]
[Black "Hunt,A"]
[Result "1/2-1/2"]
[WhiteElo "2383"]
[BlackElo "2366"]

1.e4 c5 2.Nf3 d6 3.Bb5+ Bd7 4.a4 Nf6 5.d3 Nc6 6.O-O e6 7.Nbd2 Be7 8.Nc4 O-O
9.Re1 a6 10.Bxc6 Bxc6 11.e5  1/2-1/2

[Event "National I"]
[Site "Clermont-Ferrand FRA"]
[Date "2003.05.08"]
[Round "8"]
[White "Glek,I"]
[Black "Leriche,E"]
[Result "1/2-1/2"]
[WhiteElo "2551"]
[BlackElo "2316"]

1.e4 c5 2.Nf3 d6 3.Bb5+ Bd7 4.Bxd7+ Qxd7 5.O-O Nc6 6.c3 Nf6 7.d4 Nxe4 8.d5 Ne5
9.Re1 Nf6 10.Nxe5 dxe5 11.c4 O-O-O 12.Nc3 e6 13.Bg5 h6 14.Bh4 Be7 15.Rxe5 Bd6
16.Re1 g5 17.Bg3 Bxg3 18.hxg3 exd5 19.Qf3 Qc6 20.Re7 d4 21.Qf5+ Kb8 22.Nb5 a6
23.Qe5+ Ka8 24.a4 d3 25.Rxf7 Nd7 26.Rxd7 Qxd7 27.Qxc5 axb5 28.axb5+ Kb8 29.b6 Qc6
30.Qe5+ Kc8 31.Qf5+ Kb8 32.Qe5+ Kc8 33.Qf5+ Kb8 34.Qe5+  1/2-1/2

[Event "National I"]
[Site "Clermont-Ferrand FRA"]
[Date "2003.05.09"]
[Round "9"]
[White "Marzolo,C"]
[Black "Conquest,S"]
[Result "1/2-1/2"]
[WhiteElo "2468"]
[BlackElo "2556"]

1.e4 c5 2.Nf3 d6 3.Bb5+ Bd7 4.Bxd7+ Nxd7 5.O-O Ngf6 6.Qe2 e6 7.b3 Be7 8.Bb2 O-O
9.d4 cxd4 10.Nxd4 Qa5 11.c4 Qh5 12.Qxh5 Nxh5 13.Nc3 Rfd8 14.Rad1 Nhf6 15.Rfe1 a6
16.g3 Bf8 17.Kg2 Rab8 18.f4 g6 19.Re2 Rbc8 20.Kf3 Bg7 21.Red2 Bf8 22.Nde2 Rc7
23.Na4 b5 24.cxb5 axb5 25.Nac3 Rb8 26.b4 e5 27.a3 Rc4 28.Rxd6 Bxd6 29.Rxd6 h5
30.Nd5 Nxd5 31.exd5 Rc2 32.Bxe5 Nxe5+ 33.fxe5 Ra8 34.Nd4 Rxa3+ 35.Ke4 Ra4
36.e6 Rc1 37.e7 Re1+ 38.Kd3 Rxe7 39.Nxb5 Rxb4 40.Rd8+ Kg7 41.d6 Rb7 42.Nc7 Rb8
43.Rxb8 Rxb8 44.Kd4 f5 45.Kc5 Kf6 46.Nd5+ Ke6 47.Nf4+ Kf7 48.Kc6 Rc8+ 49.Kd5 Rc2
50.h4 Rc3 51.d7 Ke7 52.Nxg6+ Kxd7 53.Ke5 Rxg3 54.Kxf5 Ra3 55.Nf4 Ra5+ 56.Kg6  1/2-1/2

[Event "National I"]
[Site "Clermont-Ferrand FRA"]
[Date "2003.05.10"]
[Round "10"]
[White "Libiszewski,F"]
[Black "Te Llalemand,R"]
[Result "1-0"]
[WhiteElo "2369"]
[BlackElo "2291"]

1.e4 c5 2.Nf3 d6 3.Bb5+ Bd7 4.Bxd7+ Qxd7 5.c4 Nc6 6.Nc3 Ne5 7.d4 Nxf3+ 8.gxf3 cxd4
9.Qxd4 Nf6 10.Bg5 e6 11.O-O-O e5 12.Qd3 Rc8 13.Kb1 Be7 14.Rhg1 a6 15.Bxf6 gxf6
16.Nd5 Qc6 17.Qd2 h5 18.Rg7 Kf8 19.Rdg1 Ke8 20.Rg8+ Kd7 21.Rxc8 Rxc8 22.Qe3 Bd8
23.f4 Be7 24.Qh3+ Ke8 25.Rg8+ Bf8 26.Qxh5  1-0

[Event "Capablanca Mem Mixto"]
[Site "Havana CUB"]
[Date "2003.05.11"]
[Round "6"]
[White "Marrero,Y"]
[Black "Hernandez,T"]
[Result "1/2-1/2"]
[WhiteElo "2212"]
[BlackElo "2244"]

1.e4 c5 2.Nf3 d6 3.Bb5+ Nd7 4.c3 Nf6 5.d3 g6 6.O-O Bg7 7.Re1 O-O 8.Nbd2 a6
9.Ba4 b5 10.Bc2 Bb7 11.Nf1 Rc8 12.h3 Qc7 13.Bd2 a5 14.Rc1 e5 15.d4 exd4 16.cxd4 Rfe8
17.Ng3 Qb6 18.Bf4 cxd4 19.Nxd4 Nd5 20.exd5 Rxe1+ 21.Qxe1 Qxd4 22.Be4 Rxc1
23.Qxc1 Nc5 24.Bxd6 Nxe4 25.Nxe4 Qxe4 26.Qc7 h5 27.Qxb7 Qe1+ 28.Kh2 Qxf2
29.Qxb5 Bd4 30.Qd3 Qg1+ 31.Kg3 Qe1+ 32.Kf4 Qf2+ 33.Qf3 Qd2+ 34.Kg3 Qe1+ 35.Kf4  1/2-1/2

[Event "67th ch-BUL"]
[Site "Sofia BUL"]
[Date "2003.05.13"]
[Round "7"]
[White "Georgiev,Kr"]
[Black "Genov,Peta"]
[Result "1/2-1/2"]
[WhiteElo "2516"]
[BlackElo "2490"]

1.e4 c5 2.Nf3 d6 3.Bb5+ Bd7 4.Bxd7+ Qxd7 5.O-O Nc6 6.c3 Nf6 7.d4 cxd4 8.cxd4 d5
9.e5 Ne4 10.Ne1 f6  1/2-1/2

[Event "Capablanca Mem Premier II"]
[Site "Havana CUB"]
[Date "2003.05.14"]
[Round "9"]
[White "Baches Garcia,G"]
[Black "Abreu,A"]
[Result "1/2-1/2"]
[WhiteElo "2397"]
[BlackElo "2455"]

1.e4 c5 2.Nf3 d6 3.Bb5+ Bd7 4.Bxd7+ Qxd7 5.c4 Nc6 6.Nc3 g6 7.d4 cxd4 8.Nxd4 Bg7
9.Nde2 Nf6 10.f3 O-O 11.O-O a6 12.a4 Qc7 13.Rb1 e6 14.b3 Rfd8 15.Bg5 Nb4
16.Qd2 d5 17.exd5 exd5 18.Bxf6 Bxf6 19.cxd5 Nxd5 20.Nxd5 Qc5+ 21.Qe3 Rxd5
22.Qxc5 Rxc5 23.Rfc1 Rac8  1/2-1/2

[Event "67th ch-BUL"]
[Site "Sofia BUL"]
[Date "2003.05.14"]
[Round "8"]
[White "Spasov,V"]
[Black "Georgiev,Kr"]
[Result "1/2-1/2"]
[WhiteElo "2555"]
[BlackElo "2516"]

1.e4 c5 2.Nf3 d6 3.Bb5+ Bd7 4.Bxd7+ Qxd7 5.c4 e5 6.Nc3 Nc6 7.O-O g6 8.Nd5 Bg7
9.d3 Nge7 10.Bg5 Nxd5 11.cxd5 Nb4 12.a3 Na6 13.Nd2 O-O 14.Be3 f5 15.f3 Bf6
16.Nc4 f4 17.Bf2  1/2-1/2

[Event "67th ch-BUL"]
[Site "Sofia BUL"]
[Date "2003.05.16"]
[Round "10"]
[White "Spasov,V"]
[Black "Cheparinov,I"]
[Result "1-0"]
[WhiteElo "2555"]
[BlackElo "2508"]

1.e4 c5 2.Nf3 d6 3.Bb5+ Nc6 4.O-O Bd7 5.Re1 Nf6 6.h3 Ne5 7.a4 a6 8.Bxd7+ Nfxd7
9.Nxe5 Nxe5 10.d3 g6 11.Nd2 Bg7 12.Nc4 Nc6 13.a5 O-O 14.c3 Qc7 15.Be3 f5
16.f3 Rae8 17.Bf2 Kh8 18.Qb3 e5 19.Qb6 Qd7 20.b4 cxb4 21.cxb4 d5 22.exd5 Qxd5
23.Qxb7 Rb8 24.Qxa6 Nxb4 25.Nb6 Nxa6 26.Nxd5 Rfd8 27.Ne7 Rxd3 28.Nc6 Rb2
29.Rad1 Rdd2 30.Rxd2 Rxd2 31.Rb1 Bf8 32.Rb6 Nc5 33.a6 Nxa6 34.Rxa6 Rd1+ 35.Kh2 Bd6
36.Nd4 Bb4 37.Ne6  1-0

[Event "28th Elekes Mem IM"]
[Site "Budapest HUN"]
[Date "2003.05.18"]
[Round "2"]
[White "Howell,D"]
[Black "Grafl,F"]
[Result "0-1"]
[WhiteElo "2251"]
[BlackElo "2317"]

1.e4 c5 2.Nf3 d6 3.Bb5+ Bd7 4.Bxd7+ Qxd7 5.c4 Nf6 6.Nc3 Nc6 7.d4 cxd4 8.Nxd4 Qg4
9.O-O Qxd1 10.Rxd1 Nxd4 11.Rxd4 Rc8 12.Bg5 Nd7 13.b3 g6 14.Rc1 Bg7 15.Rd2 Bxc3
16.Rxc3 f6 17.Be3 Kf7 18.a4 Rc7 19.f3 Rhc8 20.Rd5 Nc5 21.Kf2 Rc6 22.a5 b6
23.axb6 Rxb6 24.Bxc5 Rxc5 25.Ke3 Ke6 26.Kd4 Rc7 27.Ra5 Rcb7 28.Ra3 f5 29.exf5+ Kxf5
30.Re3 h5 31.Kc3 g5 32.Ra5+ Kf6 33.Kb2 Rc6 34.Ka3 Rbc7 35.Ka4 Rc5 36.Rb5 e6
37.Rd3 Rxb5 38.Kxb5 Rc5+ 39.Ka6 d5 40.cxd5 Rxd5 41.Rc3 Rd2 42.g3 Rxh2 43.Kxa7 Rb2
44.Ka6 h4 45.gxh4 gxh4 46.Ka5 h3 47.b4 h2 48.Rc1 Kf5 49.b5 Kf4 50.b6 Kxf3
51.b7 Rxb7 52.Rc3+ Kg4 53.Rc4+ Kg5 54.Rc5+ Kg6 55.Rc1 Rh7 56.Rh1 Kg5  0-1

[Event "22nd Mitropa Cup"]
[Site "Pula CRO"]
[Date "2003.05.19"]
[Round "3"]
[White "Sedina,E"]
[Black "Tratar,M"]
[Result "1/2-1/2"]
[WhiteElo "2434"]
[BlackElo "2464"]

1.e4 c5 2.Nf3 d6 3.Bb5+ Nd7 4.d4 cxd4 5.Qxd4 a6 6.Bxd7+ Bxd7 7.O-O e5 8.Qd3 Rc8
9.c4 b5 10.Na3 Qb6 11.Be3 Qb7 12.cxb5 axb5 13.Rac1 Rxc1 14.Rxc1 Nf6 15.Nd2 h6
16.Nc2 Be7 17.Nb4 O-O 18.f3 Rc8 19.Rxc8+ Qxc8 20.Nb1 Ne8 21.Nc3 Qb7 22.Qd5 Qxd5
23.Nbxd5 Kf8 24.Kf2 Bd8 25.Ke2 Nc7 26.Nxc7 Bxc7 27.Nd5 Bd8 28.Bb6 Bxb6 29.Nxb6 Be6
30.Nd5 Bxd5 31.exd5 Ke7 32.Kd3 Kd7 33.Ke4 Kc7 34.g4 Kb6 35.b4 Kc7 36.h4 Kd7
37.h5 Ke7 38.Kf5 Kf8 39.Ke4 Ke7 40.Kf5 Ke8 41.g5 hxg5 42.Kxg5 Kf8 43.Kf5 Ke7
44.Kg5 Kf8  1/2-1/2

[Event "TCh-Serbia & Montenegro"]
[Site "Budva YUG"]
[Date "2003.05.20"]
[Round "3"]
[White "Nevednichy,V"]
[Black "Aleksic,Nen1"]
[Result "1-0"]
[WhiteElo "2569"]
[BlackElo "2399"]

1.e4 c5 2.Nf3 d6 3.Bb5+ Nd7 4.d4 Nf6 5.Nc3 cxd4 6.Qxd4 e5 7.Qd3 h6 8.Be3 Be7
9.O-O-O a6 10.Bc4 Qc7 11.Kb1 Rb8 12.a4 Nc5 13.Bxc5 Qxc5 14.Nd5 Nxd5 15.Qxd5 Qxd5
16.Bxd5 Bd7 17.b3 Bg4 18.Rd3 Bxf3 19.Rxf3 Rf8 20.Kb2 a5 21.h4 g6 22.h5 g5
23.Rd1 Bd8 24.Bc4 Ke7 25.Rd5 Rc8 26.Rb5 b6 27.Rd5 Rc5 28.Rd2 Bc7 29.c3 f6
30.Ba6 d5 31.exd5 e4 32.Rf5 Be5 33.Rxe5+ fxe5 34.b4 axb4 35.cxb4 Rcc8 36.d6+ Kd7
37.Bxc8+ Rxc8 38.Kb3 Rc1 39.a5  1-0